000 00510nam a2200157Ia 4500
005 20250424120326.0
008 250424s9999 xx 000 0 und d
022 _aP 81. N5 B75/
050 _aThe bridge: journal of language, literature & communication studies
245 0 _aKeffi, Nasarawa
260 _aDepartment of English, Nasarawa State University
260 _b2013
260 _c250 p. ; 21 cm.
300 _aPhilology--Nigeria--Periodicals. Communication--Nigeria--Periodicals.
650 _aSR
999 _c38668
_d38668